[Event "RUS-chTW Premier 2019"]
[Site "Sochi"]
[Date "2019.05.08"]
[Round "7.14"]
[White "Nikitina, Elena"]
[Black "Kovalevskaya, Ekaterina"]
[Result "0-1"]
[WhiteElo "2037"]
[BlackElo "2413"]
[Annotator "TA"]
[PlyCount "72"]
[EventDate "2019.04.30"]
[EventType "team-tourn"]
[EventCountry "RUS"]
[SourceTitle "playchess.com"]
[Source "ChessBase"]
[SourceQuality "1"]

{[%evp 10,72,9,10,14,2,12,0,0,4,4,-15,8,0,15,-12,-14,-45,-31,-87,-67,-77,-75,-104,-98,-150,-135,-183,-181,-244,-245,-439,-405,-460,-474,-461,-465,-461,-456,-451,-472,-470,-466,-481,-462,-645,-634,-619,-506,-770,-770,-745,-732,-1017,-800,-1222,-810,-1047,-1023,-1172,-1185,-1203,-1131,-1149,-1128]} 1. d4 Nf6 2. Nf3 c5 3. e3 e6 4. Be2 d5 5. b3 Nc6 6. Bb2 cxd4 {D05: Colle System with ...e6} 7. exd4 g6 (7... Bb4+ 8. c3 Bd6 9. O-O O-O 10. Nbd2 Ne4 11. Re1 f5 12. Nf1 Bd7 13. a3 Qb6 14. Ra2 {0-1 (35) Nadera,B (2388)-Antonio,R (2539) Manila 2013}) 8. Nbd2 Bg7 {The position is equal.} 9. O-O O-O 10. c4 $146 ({Predecessor:} 10. Ne5 Nxe5 11. dxe5 Nd7 12. f4 b5 13. Nf3 a6 14. Qd2 Bb7 15. a4 bxa4 16. Rxa4 {½-½ (39) Mitali,M (2081)-Gokhale,A (2009) Krakow 2019}) 10... Qe7 11. Ne5 Rd8 12. Nxc6 (12. Qc1 {feels hotter.} a5 13. Ndf3 Ne4 14. Re1 a4 15. Ba3) 12... bxc6 13. cxd5 Nxd5 14. Nf3 (14. Ne4 $15) 14... Bb7 15. Qc1 Rac8 16. Ba3 {[#]} Nb4 $1 17. Rd1 (17. Bxb4 $142 Qxb4 18. a3) 17... a5 {[%cal Ba7a5,Ba5b4][%mdl 32]} 18. Bxb4 axb4 19. Rb1 (19. Qd2 $142) 19... c5 $19 {[%cal Bc6c5,Bc5d4][%mdl 32]} 20. Qe3 $2 {[#]} (20. dxc5 Be4 21. a4) 20... cxd4 21. Qd2 e5 {Black is clearly winning.} 22. Bc4 e4 23. Re1 h6 24. Qf4 Rc5 25. Rbd1 Rf5 26. Qg3 Kh7 27. Bd3 Re8 28. Bb1 Qd7 29. Nd2 (29. Qg4 $142 Rd5 30. Qxd7 Rxd7 31. Nd2) 29... Rg5 30. Qh4 f5 31. Nc4 Qc7 32. Kf1 Ba6 33. Kg1 Bxc4 34. Rc1 Rh5 35. Rxc4 Qd6 ({Weaker is} 35... Rxh4 36. Rxc7 Kh8 37. g3 $15) 36. Qg3 Be5 {Accuracy: White = 22%, Black = 79%.} 0-1

[Event "RUS-chTW Premier 2019"]
[Site "Sochi"]
[Date "2019.05.08"]
[Round "7.15"]
[White "Bivol, Alina"]
[Black "Absalyamova, Karina"]
[Result "1-0"]
[WhiteElo "2393"]
[BlackElo "2014"]
[Annotator "NA RC"]
[PlyCount "128"]
[EventDate "2019.04.30"]
[EventType "team-tourn"]
[EventCountry "RUS"]
[SourceTitle "playchess.com"]
[Source "ChessBase"]
[SourceQuality "1"]
[TimeControl "40/5400+30:1800+30"]

1. e4 {[%emt 0:00:00]} e6 {[%emt 0:00:00]} 2. d4 {[%emt 0:00:00]} d5 {[%emt 0:00:00]} 3. Nd2 {[%emt 0:00:00]} dxe4 {[%emt 0:00:00]} 4. Nxe4 {[%emt 0:00:01]} Nd7 {[%emt 0:00:00]} 5. g3 {[%emt 0:00:59]} Ngf6 {[%emt 0:00:34]} 6. Nxf6+ {[%emt 0:00:13]} Nxf6 {[%emt 0:00:05]} 7. Bg2 {[%emt 0:00:05]} Be7 {[%emt 0:00:21]} 8. Nf3 {[%emt 0:00:11]} O-O {[%emt 0:00:22]} 9. O-O {[%emt 0:00:07]} c5 {[%emt 0:02:25]} 10. dxc5 {[%emt 0:00:07]} Bxc5 {[%emt 0:00:39]} 11. Qe2 {[%emt 0:03:11] C10: French with 3 Nc3: Unusual Black 3rd moves and 3...dxe4} (11. Ne5 Qc7 12. Qe2 Nd7 13. Nd3 Bd6 14. Be3 Ne5 15. Rfd1 Nc4 16. Bc1 e5 17. b3 Nb6 18. c4 Bf5 {1-0 (50) Safarli,E (2644)-Abasov,N (2479) Nakhchivan 2013}) 11... Qb6 {[%emt 0:01:36]} 12. Ne5 {[%emt 0:04:02]} h6 {[%emt 0:08:28]} 13. Rd1 $146 {[%emt 0:02:56]} ({Predecessor:} 13. c3 a5 14. Rd1 Rd8 15. Be3 Bxe3 16. Qxe3 Qc7 17. Rxd8+ Qxd8 18. Nc4 Ra6 {1-0 (40) Celik,E (1686)-Akdagli,G (1804) Manavgat 2016}) 13... Rd8 {[%emt 0:01:42]} 14. Rxd8+ {[%emt 0:03:17]} Qxd8 {[%emt 0:00:05]} 15. c3 {[%emt 0:00:27]} Qc7 {[%emt 0:07:29]} 16. Bf4 {[%emt 0:05:53]} Nd5 {[%emt 0:03:02]} 17. Bxd5 {[%emt 0:03:26]} exd5 {[%emt 0:00:05]} 18. Qb5 {[%emt 0:10:02]} Be6 {[%emt 0:13:29]} 19. Nd3 {[%emt 0:07:33]} Bd6 {[%emt 0:00:46]} 20. Bxd6 {[%emt 0:00:05]} Qxd6 {[%emt 0:00:05]} 21. Qxb7 {[%emt 0:00:36]} Re8 {[%emt 0:03:43]} 22. Re1 {[%emt 0:00:59]} d4 {[%emt 0:02:39]} 23. Nf4 {[%emt 0:31:55]} dxc3 {[%emt 0:07:02]} 24. bxc3 {[%emt 0:03:44]} Qd2 {[%emt 0:04:53]} 25. Qb1 {[%emt 0:00:07]} Qxc3 {[%emt 0:03:08]} 26. Nxe6 {[%emt 0:00:07]} fxe6 {[%emt 0:01:10]} 27. Qe4 {[%emt 0:00:21]} Qd2 {[%emt 0:03:13]} 28. Re2 {[%emt 0:02:48]} Qd7 {[%emt 0:00:21]} 29. h4 {[%emt 0:00:37]} Qb5 {[%emt 0:01:54]} 30. Kh2 {[%emt 0:00:50]} Kh8 {[%emt 0:01:58]} 31. a4 {[%emt 0:00:07]} Qb6 {[%emt 0:00:50]} 32. Qc4 {[%emt 0:04:39]} Rf8 {[%emt 0:01:04]} 33. Qa2 {[%emt 0:00:22]} Rf6 {[%emt 0:01:40]} 34. Rb2 {[%emt 0:00:16]} Qc5 {[%emt 0:03:38]} 35. Rc2 {[%emt 0:01:01]} Qd5 {[%emt 0:01:24]} 36. Qb2 {[%emt 0:02:01]} Rf8 {[%emt 0:01:42]} 37. Rc7 {[%emt 0:00:17]} e5 {[%emt 0:00:51]} 38. f4 {[%emt 0:04:32]} Qf3 {[%emt 0:16:22]} 39. fxe5 {[%emt 0:04:09]} Qe3 {[%emt 0:03:18]} 40. Rc2 {[%emt 0:00:00]} Qe4 {[%emt 0:00:00]} 41. Re2 {[%emt 0:02:32]} Qxa4 {[%emt 0:07:50]} 42. e6 {[%emt 0:00:12]} Qc6 {[%emt 0:05:15]} 43. e7 {[%emt 0:01:11]} Re8 {[%emt 0:00:06]} 44. Qe5 {[%emt 0:00:16]} Qd7 {[%emt 0:01:17]} 45. Qf4 {[%emt 0:01:53]} a5 {[%emt 0:01:08]} 46. g4 {[%emt 0:00:42]} Kg8 {[%emt 0:02:33]} 47. Qc4+ {[%emt 0:00:00]} Kh8 {[%emt 0:00:18]} 48. Qe4 {[%emt 0:01:37]} Qd6+ {[%emt 0:03:57]} 49. Kh3 {[%emt 0:00:25]} Qf6 {[%emt 0:00:13]} 50. Kg3 {[%emt 0:02:23]} a4 {[%emt 0:04:09]} 51. Qb4 {[%emt 0:01:53]} Qf7 {[%emt 0:03:05]} 52. g5 {[%emt 0:01:36]} Qg6 {[%emt 0:06:00]} 53. Qc5 {[%emt 0:05:35]} h5 {[%emt 0:01:05] [#]} 54. Re3 $2 {[%emt 0:01:23]} (54. Rd2 $1 $18 {[%cal Rd2d8]} a3 55. Rd8 (55. Qxa3 Qb6 $14)) 54... Qb1 {[%emt 0:02:38]} 55. Kf4 {[%emt 0:03:50]} Qb8+ {[%emt 0:03:01] [#]} 56. Kf5 $1 {[%emt 0:00:35]} Qb1+ {[%emt 0:01:10]} 57. Ke6 {[%emt 0:00:35]} Kg8 {[%emt 0:00:47]} 58. Kd7 {[%emt 0:02:19]} Qg6 {[%emt 0:01:33]} 59. Qd5+ {[%emt 0:00:16]} Kh7 {[%emt 0:00:12]} 60. Re6 {[%emt 0:00:07]} Qc2 {[%emt 0:00:27]} 61. Rh6+ {[%emt 0:00:37]} gxh6 {[%emt 0:00:16]} 62. Qf7+ {[%emt 0:00:09]} Kh8 {[%emt 0:00:04]} 63. Qxe8+ {[%emt 0:00:07]} Kh7 {[%emt 0:00:05]} 64. Qf7+ {[%emt 0:00:05]} Kh8 1-0

[Event "RUS-chTW Premier 2019"]
[Site "Sochi"]
[Date "2019.05.08"]
[Round "7.16"]
[White "Baiburina, Kamilla"]
[Black "Voit, Daria"]
[Result "1/2-1/2"]
[WhiteElo "1788"]
[BlackElo "2340"]
[Annotator "TA"]
[PlyCount "71"]
[EventDate "2019.04.30"]
[EventType "team-tourn"]
[EventCountry "RUS"]
[SourceTitle "playchess.com"]
[Source "ChessBase"]
[SourceQuality "1"]

{[%evp 9,71,-86,-80,-84,-99,-86,-91,-128,-62,-127,-123,-112,-118,-115,-113,-113,-108,-105,-111,-133,-89,-137,-120,-116,-73,-132,-67,-67,-29,-52,0,-69,-42,-86,-78,-90,-27,-63,-43,-51,-39,-53,-47,-84,35,0,0,0,158,169,193,200,287,324,317,304,320,0,56,0,297,0,43,0]} 1. e4 c6 2. Nf3 d5 3. d3 dxe4 4. Ng5 (4. dxe4 Qxd1+ 5. Kxd1 Nf6 6. Nbd2 g6 7. c3 Bg7 8. Ne1 Ng4 9. Nd3 Nd7 10. Nc4 O-O 11. f3 Nge5 12. Ndxe5 Nxe5 {½-½ (82) Van Foreest,J (2612)-Martirosyan,H (2607) chess.com INT 2019}) 4... Nf6 5. Nc3 Bg4 6. Qd2 {B10: Caro-Kann: 2 d3 and 2 c4} exd3 7. Bxd3 {[#] Hoping for Nxf7!} Nbd7 8. Qf4 {Black is better.} Qb8 $146 (8... Nc5 $17 {...Qxd3! is the strong threat.} 9. Nge4 Nxd3+ 10. cxd3 Bh5) ({Predecessor:} 8... h6 9. Nge4 g5 10. Qg3 Qb8 11. f4 Rg8 {1-0 (29) Torres,F-Moreno,C (1769) Trevelin 2014}) 9. O-O ({Better is} 9. f3 $15 Bh5 10. Qxb8+ Rxb8 11. Be3) 9... Qxf4 $17 10. Bxf4 h6 11. Nge4 Nxe4 12. Nxe4 e5 13. Rfe1 Be6 14. Bd2 O-O-O 15. a3 f6 16. b4 c5 17. Nc3 (17. Be3 $142) 17... Nb6 (17... Kb8 $17 18. Ne4 f5 19. Nxc5 Nxc5 20. bxc5 e4) 18. Be3 $1 $15 c4 19. Be2 f5 (19... Kb8 $15) 20. Rab1 (20. Nb5 $11) 20... Be7 21. a4 Kb8 22. Nb5 Nc8 ({Black should play} 22... Bg5 $17 {Threatens to win with ...Bxe3.} 23. Bxb6 axb6) 23. Na3 Nd6 24. Bc5 c3 25. Nb5 b6 26. Nxc3 Nc8 (26... Bf6 $17 27. Be3 e4) 27. Be3 Bf6 28. a5 e4 $2 (28... f4 $11 29. Bc1 Bf5) 29. Bf4+ $16 Ka8 30. Nb5 Ba2 (30... Rd7 $142) 31. Nc7+ $18 Kb8 {[#] aiming for ...g5.} 32. Ne6+ $1 Ka8 33. Nc7+ $2 (33. Nxd8 $18 g5 34. Rbd1) 33... Kb8 $14 {Strongly threatening ...g5.} 34. Ne6+ $2 (34. Ne8+ $14 Kb7 35. a6+ Kc6 36. b5+ Kc5 37. Be3+ Bd4 38. Rbd1) 34... Ka8 $18 35. Nc7+ $2 (35. Nxd8 $18 g5 36. Rbd1) 35... Kb8 $14 {And now ...g5 would win.} 36. Ne6+ {Accuracy: White = 32%, Black = 48%.} 1/2-1/2

[Event "RUS-chTW Premier 2019"]
[Site "Sochi"]
[Date "2019.05.09"]
[Round "8.1"]
[White "Mukhina, Jana"]
[Black "Pogonina, Natalija"]
[Result "0-1"]
[WhiteElo "2098"]
[BlackElo "2453"]
[Annotator "ChessBase"]
[PlyCount "84"]
[EventDate "2019.05.01"]
[EventType "team-tourn"]
[EventCountry "RUS"]
[SourceTitle "playchess.com"]
[Source "ChessBase"]
[SourceQuality "1"]
[TimeControl "40/5400+30:1800+30"]

1. e4 {[%emt 0:00:00]} e5 {[%emt 0:00:00]} 2. Nf3 {[%emt 0:00:00]} Nc6 {[%emt 0:00:00]} 3. Bb5 {[%emt 0:00:00]} a6 {[%emt 0:00:00]} 4. Ba4 {[%emt 0:00:02]} Nf6 {[%emt 0:00:00]} 5. O-O {[%emt 0:00:23]} Be7 {[%emt 0:01:32]} 6. d3 {[%emt 0:00:39]} b5 {[%emt 0:04:25]} 7. Bb3 {[%emt 0:00:01]} d6 {[%emt 0:00:07]} 8. a4 {[%emt 0:00:19]} Bd7 {[%emt 0:00:55]} 9. c3 {[%emt 0:15:38]} O-O {[%emt 0:01:14]} 10. Re1 {[%emt 0:00:05]} Na5 {[%emt 0:02:35]} 11. Bc2 {[%emt 0:00:40]} c5 {[%emt 0:00:21]} 12. Nbd2 {[%emt 0:01:04]} Nc6 {[%emt 0:11:28]} 13. Nf1 {[%emt 0:01:48]} b4 {[%emt 0:02:34]} 14. Ne3 {[%emt 0:08:42]} Re8 {[%emt 0:08:35]} 15. d4 {[%emt 0:07:50]} bxc3 {[%emt 0:12:35]} 16. bxc3 {[%emt 0:01:05]} cxd4 {[%emt 0:00:07]} 17. cxd4 {[%emt 0:00:13]} exd4 {[%emt 0:00:08]} 18. Nxd4 {[%emt 0:01:53]} Bf8 {[%emt 0:02:20]} 19. f3 {[%emt 0:12:27]} d5 {[%emt 0:21:06]} 20. exd5 {[%emt 0:02:53]} Nxd5 {[%emt 0:01:09]} 21. Nxc6 {[%emt 0:04:05]} Bxc6 {[%emt 0:02:08]} 22. Qd3 {[%emt 0:05:19]} Qh4 {[%emt 0:04:52]} 23. g3 {[%emt 0:20:50]} Qh5 {[%emt 0:01:29]} 24. Qf5 {[%emt 0:04:59]} Qxf5 {[%emt 0:04:57]} 25. Bxf5 {[%emt 0:00:02]} Bb4 {[%emt 0:04:04]} 26. Re2 {[%emt 0:00:09]} Nxe3 {[%emt 0:02:12]} 27. Bxe3 {[%emt 0:01:22]} Rxe3 {[%emt 0:06:50]} 28. Rxe3 {[%emt 0:00:09]} Bc5 {[%emt 0:00:03]} 29. Kf2 {[%emt 0:02:27]} Re8 {[%emt 0:00:05]} 30. Raa3 {[%emt 0:01:48]} Rxe3 {[%emt 0:00:36]} 31. Rxe3 {[%emt 0:00:06]} Bxa4 {[%emt 0:00:08]} 32. Ke2 {[%emt 0:00:23]} Bxe3 {[%emt 0:00:08]} 33. Kxe3 {[%emt 0:00:21]} Bc6 {[%emt 0:01:40]} 34. f4 {[%emt 0:00:41]} h5 {[%emt 0:02:31]} 35. Bd3 {[%emt 0:02:32]} a5 {[%emt 0:00:05]} 36. f5 {[%emt 0:00:58]} Kf8 {[%emt 0:01:03]} 37. h4 {[%emt 0:04:37]} Ke7 {[%emt 0:02:12]} 38. Be2 {[%emt 0:01:47]} Bd7 39. Bxh5 {[%emt 0:00:00]} a4 {[%emt 0:01:31]} 40. Kd4 Bxf5 {[%emt 0:00:00]} 41. Kc3 {[%emt 0:05:59]} Bd7 {[%emt 0:03:47]} 42. Kb4 {[%emt 0:01:46]} f5 {[%emt 0:01:16]} 0-1

[Event "RUS-chTW Premier 2019"]
[Site "Sochi"]
[Date "2019.05.09"]
[Round "8.2"]
[White "Girya, Olga"]
[Black "Mironenko, Galina"]
[Result "1-0"]
[WhiteElo "2449"]
[BlackElo "1901"]
[Annotator "NA"]
[PlyCount "63"]
[EventDate "2019.05.01"]
[EventType "team-tourn"]
[EventCountry "RUS"]
[SourceTitle "playchess.com"]
[Source "ChessBase"]
[SourceQuality "1"]
[TimeControl "40/5400+30:1800+30"]

1. d4 {[%emt 0:00:00]} Nf6 {[%emt 0:00:00]} 2. c4 {[%emt 0:00:00]} e6 {[%emt 0:00:00]} 3. Nf3 {[%emt 0:00:00]} b6 {[%emt 0:00:00]} 4. g3 {[%emt 0:00:00]} Ba6 {[%emt 0:00:00]} 5. b3 {[%emt 0:00:00]} Bb7 {[%emt 0:01:38]} 6. Bg2 {[%emt 0:00:00] E15: Queen's Indian: 4 g3 sidelines, 4 g3 Ba6 and 4 g3 Bb7 early deviations} Be7 {[%emt 0:00:07]} 7. O-O {[%emt 0:00:32]} O-O {[%emt 0:00:11]} 8. Bb2 {[%emt 0:01:32]} Na6 {[%emt 0:01:27]} 9. Nc3 {[%emt 0:03:49]} d5 {[%emt 0:00:24]} 10. cxd5 $146 {[%emt 0:01:39]} ({Predecessor:} 10. e3 c5 11. Qe2 dxc4 {½-½ (11) Granda Zuniga,J (2621)-Lafuente,P (2454) Cali 2007}) 10... exd5 {[%emt 0:00:10]} 11. Rc1 {[%emt 0:04:03]} Qc8 {[%emt 0:02:36]} 12. Ne5 {[%emt 0:02:08]} Qe6 {[%emt 0:02:57]} 13. e3 {[%emt 0:09:00]} Ne4 {[%emt 0:06:08]} 14. Ne2 {[%emt 0:10:33]} Rfd8 {[%emt 0:13:15]} 15. Nf4 {[%emt 0:08:38]} Qd6 {[%emt 0:00:33]} 16. Qh5 {[%emt 0:05:24]} g6 {[%emt 0:07:52]} 17. Qe2 {[%emt 0:00:21]} Nb4 {[%emt 0:17:08]} 18. a3 {[%emt 0:02:36]} Ba6 {[%emt 0:03:14]} 19. Qd1 {[%emt 0:06:59]} Bxf1 {[%emt 0:05:02]} 20. Bxf1 {[%emt 0:00:04]} f6 {[%emt 0:01:43]} 21. axb4 {[%emt 0:00:25]} fxe5 {[%emt 0:01:42]} 22. dxe5 {[%emt 0:00:05]} Qd7 {[%emt 0:06:39]} 23. f3 {[%emt 0:01:39]} Bxb4 {[%emt 0:09:20]} 24. fxe4 {[%emt 0:01:01]} Bc5 {[%emt 0:05:48]} 25. Nxd5 {[%emt 0:01:56]} Qg7 $18 {[%emt 0:03:04]} 26. Qf3 {[%emt 0:02:05]} Rf8 {[%emt 0:01:17]} 27. Nf6+ {[%emt 0:00:10]} Kh8 {[%emt 0:00:05]} 28. Rc2 {[%emt 0:05:32]} Rac8 {[%emt 0:05:33]} 29. e6 {[%emt 0:04:42]} Be7 {[%emt 0:00:35]} 30. Rf2 {[%emt 0:00:12]} c5 {[%emt 0:01:03]} 31. Nd5 {[%emt 0:02:10]} Qxb2 {[%emt 0:00:45]} 32. Qxf8+ {[%emt 0:00:12]} 1-0

[Event "RUS-chTW Premier 2019"]
[Site "Sochi"]
[Date "2019.05.09"]
[Round "8.3"]
[White "Filippova, Darya"]
[Black "Guseva, Marina"]
[Result "0-1"]
[WhiteElo "2070"]
[BlackElo "2402"]
[Annotator "ChessBase"]
[PlyCount "44"]
[EventDate "2019.05.01"]
[EventType "team-tourn"]
[EventCountry "RUS"]
[SourceTitle "playchess.com"]
[Source "ChessBase"]
[SourceQuality "1"]
[TimeControl "40/5400+30:1800+30"]

1. d4 {[%emt 0:00:00]} d5 {[%emt 0:00:00]} 2. c4 {[%emt 0:00:00]} c6 {[%emt 0:00:00]} 3. Nc3 {[%emt 0:00:00]} Nf6 {[%emt 0:00:00]} 4. e3 {[%emt 0:00:06]} a6 {[%emt 0:00:00]} 5. cxd5 {[%emt 0:00:53]} cxd5 {[%emt 0:00:00]} 6. Nf3 {[%emt 0:00:23]} Nc6 {[%emt 0:00:07]} 7. g3 {[%emt 0:01:00]} Bg4 {[%emt 0:00:39]} 8. Bg2 {[%emt 0:01:48]} e6 {[%emt 0:00:06]} 9. O-O {[%emt 0:04:24]} Bd6 {[%emt 0:01:30]} 10. h3 {[%emt 0:05:13]} Bh5 {[%emt 0:00:11]} 11. Ne2 {[%emt 0:00:42]} Bg6 {[%emt 0:05:01]} 12. Nf4 {[%emt 0:01:30]} Be4 {[%emt 0:00:06]} 13. b3 {[%emt 0:05:25]} O-O {[%emt 0:08:41]} 14. Bb2 {[%emt 0:00:42]} Rc8 {[%emt 0:02:26]} 15. Ne5 {[%emt 0:08:32]} Nb4 {[%emt 0:07:22]} 16. Nfd3 {[%emt 0:03:43]} Qa5 {[%emt 0:12:29]} 17. Bxe4 {[%emt 0:11:39]} Nxe4 {[%emt 0:03:54]} 18. Nd7 {[%emt 0:06:23]} Nxd3 {[%emt 0:08:55]} 19. Qxd3 {[%emt 0:00:39]} Rfd8 {[%emt 0:00:18]} 20. Ne5 {[%emt 0:01:26]} Ba3 {[%emt 0:10:33]} 21. Bxa3 {[%emt 0:04:25]} Qxa3 {[%emt 0:00:04]} 22. Nc4 {[%emt 0:02:54]} Rxc4 {[%emt 0:00:18]} 0-1

[Event "RUS-chTW Premier 2019"]
[Site "Sochi"]
[Date "2019.05.09"]
[Round "8.4"]
[White "Kovanova, Baira"]
[Black "Shamsutdinova, Karina"]
[Result "1-0"]
[WhiteElo "2349"]
[BlackElo "1684"]
[Annotator "NA"]
[PlyCount "73"]
[EventDate "2019.05.01"]
[EventType "team-tourn"]
[EventCountry "RUS"]
[SourceTitle "playchess.com"]
[Source "ChessBase"]
[SourceQuality "1"]
[TimeControl "40/5400+30:1800+30"]

1. Nf3 {[%emt 0:00:00]} Nf6 {[%emt 0:00:00]} 2. g3 {[%emt 0:00:07]} g6 {[%emt 0:00:00]} 3. b3 {[%emt 0:04:16]} Bg7 {[%emt 0:01:09]} 4. Bb2 {[%emt 0:00:05]} O-O {[%emt 0:02:03]} 5. Bg2 {[%emt 0:00:03]} d5 {[%emt 0:03:59]} 6. c4 {[%emt 0:01:04]} e6 {[%emt 0:04:43]} 7. O-O {[%emt 0:01:40]} c5 {[%emt 0:06:00]} 8. cxd5 {[%emt 0:03:26]} exd5 {[%emt 0:02:09]} 9. d4 {[%emt 0:00:10]} b6 {[%emt 0:05:17]} 10. Nc3 {[%emt 0:06:43]} Bb7 {[%emt 0:10:44]} 11. Rc1 {[%emt 0:04:14]} Bh6 {[%emt 0:09:28]} 12. e3 {[%emt 0:03:44]} Ba6 {[%emt 0:07:50]} 13. Re1 {[%emt 0:01:45]} c4 {[%emt 0:05:57]} 14. bxc4 {[%emt 0:02:05]} Bxc4 {[%emt 0:00:31]} 15. Ne5 {[%emt 0:00:23]} b5 {[%emt 0:05:13]} 16. Nxc4 {[%emt 0:02:34]} bxc4 {[%emt 0:00:01]} 17. Qf3 {[%emt 0:00:14]} Nbd7 {[%emt 0:10:26]} 18. Nxd5 {[%emt 0:03:27]} Nxd5 {[%emt 0:01:53]} 19. Qxd5 {[%emt 0:02:55] Double Attack} Rb8 {[%emt 0:03:31]} 20. Ba3 {[%emt 0:01:08]} Nb6 {[%emt 0:01:44]} 21. Qa5 {[%emt 0:02:38]} Re8 $18 {[%emt 0:01:30]} 22. Bc5 {[%emt 0:04:32]} Qd7 {[%emt 0:04:27]} 23. Rb1 {[%emt 0:03:51]} Qc7 {[%emt 0:04:32]} 24. Rec1 {[%emt 0:02:19]} Rec8 {[%emt 0:02:30]} 25. Bf1 {[%emt 0:04:52]} Qc6 {[%emt 0:05:09]} 26. Qxa7 {[%emt 0:03:53]} Nd7 {[%emt 0:01:12]} 27. Bh3 {[%emt 0:09:00]} f5 {[%emt 0:00:46]} 28. Bg2 {[%emt 0:02:32]} Qe6 {[%emt 0:00:27]} 29. Rxb8 {[%emt 0:06:24]} Rxb8 {[%emt 0:00:25]} 30. Bf1 {[%emt 0:00:25]} Qe8 {[%emt 0:00:53]} 31. Bd6 {[%emt 0:04:41]} Rc8 {[%emt 0:00:26]} 32. Rxc4 {[%emt 0:00:47]} Ra8 {[%emt 0:00:21]} 33. Qb7 {[%emt 0:00:17]} Rd8 {[%emt 0:00:39]} 34. Rc7 {[%emt 0:00:50]} Rb8 {[%emt 0:00:06]} 35. Qd5+ {[%emt 0:00:09]} Kh8 {[%emt 0:00:10]} 36. Rxd7 {[%emt 0:00:20]} Bg7 {[%emt 0:01:08]} 37. Bxb8 {[%emt 0:00:07]} 1-0

[Event "RUS-chTW Premier 2019"]
[Site "Sochi"]
[Date "2019.05.09"]
[Round "8.5"]
[White "Bodnaruk, Anastasia"]
[Black "Grabuzova, Tatiana"]
[Result "1-0"]
[WhiteElo "2431"]
[BlackElo "2314"]
[Annotator "NA"]
[PlyCount "77"]
[EventDate "2019.05.01"]
[EventType "team-tourn"]
[EventCountry "RUS"]
[SourceTitle "playchess.com"]
[Source "ChessBase"]
[SourceQuality "1"]
[TimeControl "40/5400+30:1800+30"]

1. e4 {[%emt 0:00:00]} e6 {[%emt 0:00:00]} 2. d4 {[%emt 0:00:00]} d5 {[%emt 0:00:00]} 3. Nc3 {[%emt 0:00:00]} Nf6 {[%emt 0:00:00]} 4. e5 {[%emt 0:00:00]} Nfd7 {[%emt 0:00:00]} 5. f4 {[%emt 0:00:00]} c5 {[%emt 0:00:00]} 6. Nf3 {[%emt 0:00:00]} Be7 {[%emt 0:00:15] C11: French: Classical System: 4 e5 and 4 Bg5 dxe4} (6... Nc6 7. Be3 cxd4 8. Nxd4 Qb6 9. Qd2 Qxb2 10. Rb1 Qa3 11. Bb5 Nxd4 12. Bxd4 a6 13. Bxd7+ Bxd7 14. Rb3 Qe7 15. Rxb7 Rc8 16. Qe3 Qd8 17. O-O Rc4 18. Rfb1 Be7 19. f5 {½-½ (31) Aronian,L (2763)-Vallejo Pons,F (2693) Karlsruhe/Baden Baden 2019}) 7. Be3 {[%emt 0:00:43]} b6 {[%emt 0:00:07]} 8. Qd2 {[%emt 0:01:39]} O-O {[%emt 0:00:45]} 9. Be2 {[%emt 0:12:14]} Nc6 {[%emt 0:02:17]} 10. O-O {[%emt 0:01:10]} cxd4 {[%emt 0:16:14]} 11. Nxd4 {[%emt 0:00:06]} Nxd4 {[%emt 0:00:05]} 12. Bxd4 {[%emt 0:00:05]} Nb8 {[%emt 0:00:10]} 13. Nd1 {[%emt 0:09:03]} Nc6 {[%emt 0:09:37]} 14. c3 {[%emt 0:00:05]} f6 $146 {[%emt 0:00:51]} ({Predecessor:} 14... Nxd4 15. cxd4 Bd7 16. Ne3 b5 {1-0 (35) Ivic,V (2487)-Cabarkapa,N (2443) Kragujevac 2019}) 15. exf6 {[%emt 0:01:52]} Bxf6 {[%emt 0:00:10]} 16. Ne3 {[%emt 0:22:42]} Nxd4 {[%emt 0:02:23]} 17. cxd4 {[%emt 0:00:12]} b5 {[%emt 0:00:08]} 18. Ng4 {[%emt 0:03:48]} Qb6 {[%emt 0:00:51]} 19. Nxf6+ {[%emt 0:05:28]} Rxf6 {[%emt 0:00:17]} 20. Rac1 {[%emt 0:01:58]} b4 {[%emt 0:05:03]} 21. Rc5 {[%emt 0:06:02]} Ba6 {[%emt 0:00:36]} 22. g3 {[%emt 0:10:27]} Raf8 {[%emt 0:07:00]} 23. Rfc1 {[%emt 0:00:36]} Bxe2 {[%emt 0:00:55]} 24. Qxe2 {[%emt 0:00:03]} g5 {[%emt 0:02:21]} (24... h6 $16) 25. fxg5 {[%emt 0:06:25]} Rf2 {[%emt 0:02:45]} 26. Qxf2 {[%emt 0:00:45]} Rxf2 {[%emt 0:00:06]} 27. Kxf2 {[%emt 0:00:01]} Kg7 $18 {[%emt 0:06:10]} 28. Ke3 $2 {[%emt 0:01:35]} (28. h4 $18 {is more deadly.}) 28... Qd8 {[%emt 0:00:30]} 29. h4 {[%emt 0:01:28]} Qd6 {[%emt 0:03:31]} 30. Kf3 {[%emt 0:02:42]} Qf8+ {[%emt 0:04:02]} 31. Kg2 {[%emt 0:00:01]} Qf5 {[%emt 0:00:08]} 32. Rc7+ {[%emt 0:04:58]} Kg6 {[%emt 0:02:14]} 33. Rf1 {[%emt 0:00:39]} Qe4+ {[%emt 0:00:07]} 34. Kh3 {[%emt 0:01:06]} Kh5 {[%emt 0:00:17]} 35. Rxh7+ {[%emt 0:02:36]} Kg6 {[%emt 0:00:14]} 36. Rhf7 {[%emt 0:01:40]} Kh5 {[%emt 0:03:51]} 37. R7f6 {[%emt 0:00:24]} Qg4+ {[%emt 0:01:16]} 38. Kh2 {[%emt 0:00:05]} Qe2+ {[%emt 0:00:36]} 39. R1f2 {[%emt 0:00:08]} 1-0